Eroi ed eroine della mitologia greca - Statistics

Statistiche generali
  • Questo quiz è stato fatto 703 volte
    702 dall'ultimo reset
  • Il punteggio medio è 15 su 24
Statistiche sulle risposte
Indizio Personaggio % Corretto
Fortissimo eroe, reso celebre dall'aver superato le dodici fatiche Eracle
96%
Aprì, contro il volere di Zeus, il vaso in cui il padre degli dei aveva racchiuso tutti i mali del mondo Pandora
90%
Figlia del re di Creta, aiutò il precedente a non perdersi nel labirinto grazie al suo Arianna
89%
Bellissimo giovane che si innamorò della propria immagine riflessa in uno stagno, in cui morì affogato Narciso
89%
Figlio del precedente, durante la fuga dal labirinto si avvicinò troppo al sole, le sue ali si sciolsero e morì cadendo nel mare Icaro
86%
Eroe ateniese che, grazie anche all'aiuto della successiva, uccise il Minotauro di Creta Teseo
86%
Re di Creta, committente del labirinto e marito di Pasifae, madre del Minotauro Minosse
79%
Re di Tirinto e fondatore di Micene, ricordato soprattutto per aver ucciso la gorgone Medusa Perseo
74%
Costruì il labirinto di Creta, dove fu rinchiuso e dal quale evase con delle ali da lui progettate Dedalo
73%
Giovane abilissima nella tessitura che osò sfidare Atena; per punizione, la dea la tramutò in un ragno Aracne
72%
Titano che rubò il fuoco agli dei per donarlo agli uomini, e per questo incatenato da Zeus sul Caucaso, dove ogni giorni un'aquila gli straziava il fegato che ricresceva di notte Prometeo
70%
Abilissimo nella musica e nel canto, argonauta, scese negli inferi per tentare di riportare la moglie tra i vivi Orfeo
69%
Re di Frigia, che tramutava in oro qualsiasi cosa toccasse Mida
68%
Titano esperto di astronomia, il quale tiene il cielo sulle sue spalle Atlante
65%
Moglie del precedente, fu quasi liberata dagli inferi dal marito Euridice
64%
Fu il capo degli argonauti, conquistatore del vello d'oro Giasone
62%
Figlio del re di Tebe, abbandonato dopo un oracolo infausto, da adulto liberò Tebe dalla sfinge, divenendo poi re della città. Inconsapevolmente, uccise suo padre e sposò sua madre; dopo averlo scoperto si cavò gli occhi Edipo
58%
Scambiò per un giorno la sua posizione con quella del tiranno Dionigi I di Siracusa, stando per l'intera serata seduto sotto una spada, appesa con un filo sottile al soffitto Damocle
45%
Gigante cacciatore, posto da Zeus tra le stelle Orione
41%
Principessa di Tiro e regina di Creta, rapita da Zeus trasformatosi in un toro Europa
35%
Bellissimo cacciatore di cui si innamora Afrodite, ucciso da un cinghiale durante una caccia Adone
29%
Cavalcatore di Pegaso e uccisore della Chimera Bellerofonte
27%
Cacciatore che sorprese Artemide mentre si faceva il bagno; per punizione, la dea lo tramutò in un cervo e lo fece sbranare dai suoi stessi cani da caccia Atteone
13%
Principe e argonauta, condusse la caccia al cinghiale calidonio Meleagro
9%
Nessun quiz corrispondente trovato
Distribuzione punteggi
Percentuale di utenti per punteggio
Percentile per numero di risposta
I tuoi punteggi nel tempo
Non hai fatto questo quiz dall'ultimo reset